El manejo integrado de los insectos, acaros y enfermedades en los cultivos ornamentales /

Guardado en:
Autor Principal: Powell Charles C
Formato: Libro
Publicado: Batavia : Ball Publishing, 1994
Materias:
Etiquetas: Agregar Etiqueta
Sin Etiquetas, Sea el primero en etiquetar este registro!
LEADER 00705nam a22002055a 4500
001 CEM.cems016773
005 20091118130547.0
008 130507s1994##################000#0#####d
003 CEMS
082 0 4 |a 635.9 
100 1 |a Powell Charles C 
245 1 0 |a El manejo integrado de los insectos, acaros y enfermedades en los cultivos ornamentales /  |c Charles C Powell, Richard K Lindquist 
260 |a Batavia :  |b Ball Publishing,  |c 1994 
300 |a 119 p. 
653 |a Plantas ornamentales-enfermedades 
653 |a Plaguicidas 
653 |a Plantas ornamentales-insectos 
653 |a Plantas ornamentales 
653 |a Plantas ornamentales-acaros 
859 |a CEMS  |b BIB. CEMS - Agricultura  |h 635.9  |i P871  |p A0083.00  |t Ej.1